Great expectations (Record no. 25984)
[ view plain ]
| 000 -LEADER | |
|---|---|
| fixed length control field | 00900nam a22001937a 4500 |
| 005 - DATE AND TIME OF LATEST TRANSACTION | |
| control field | 20260409162945.0 |
| 008 - FIXED-LENGTH DATA ELEMENTS--GENERAL INFORMATION | |
| fixed length control field | 260409b |||||||| |||| 00| 0 eng d |
| 020 ## - INTERNATIONAL STANDARD BOOK NUMBER | |
| International Standard Book Number | 0710509367 (pbk) |
| 040 ## - CATALOGING SOURCE | |
| Transcribing agency | UE-CL |
| 082 ## - DEWEY DECIMAL CLASSIFICATION NUMBER | |
| Classification number | 823.8 |
| 100 ## - MAIN ENTRY--PERSONAL NAME | |
| Personal name | Dickens charles |
| 245 ## - TITLE STATEMENT | |
| Title | Great expectations |
| Statement of responsibility, etc | / Charles dickens |
| 260 ## - PUBLICATION, DISTRIBUTION, ETC. (IMPRINT) | |
| Place of publication, distribution, etc | Scotland: |
| Name of publisher, distributor, etc | Peter haddock ltd., |
| Date of publication, distribution, etc | 1997 |
| 300 ## - PHYSICAL DESCRIPTION | |
| Extent | 197 P. |
| 546 ## - LANGUAGE NOTE | |
| Language note | English |
| 650 ## - SUBJECT ADDED ENTRY--TOPICAL TERM | |
| Topical term or geographic name as entry element | Great--Expectations |
| 942 ## - ADDED ENTRY ELEMENTS (KOHA) | |
| Koha item type | Books |
| 505 ## - FORMATTED CONTENTS NOTE | |
| Formatted contents note | Contents<br/><br/>To the Reader<br/><br/>About the Author<br/><br/>The Man in the Churchyard<br/><br/>Morning on the Marsh<br/><br/>The Hunt<br/><br/>Miss Havisham<br/><br/>A Fight and a Kiss<br/><br/>Violence<br/><br/>Great Expectations<br/><br/>Miss Havisham's Story.<br/><br/>A Wild Beast Tamed<br/><br/>A Welcome Message<br/><br/>The Stranger on the Stairs<br/><br/>The Truth<br/><br/>Magwitch's Story<br/><br/>The Accident<br/><br/>Estella's Father<br/><br/>Down River<br/><br/>The Death of Magwitch<br/><br/>Joe and Biddy<br/><br/>December Evening |
| Withdrawn status | Damaged status | Not for loan | Home library | Current library | Date acquired | Full call number | Barcode | Date last seen | Price effective from | Koha item type |
|---|---|---|---|---|---|---|---|---|---|---|
| Not For Loan | UE-Central Library | UE-Central Library | 09.04.2026 | 823.8 | T5982D | 09.04.2026 | 09.04.2026 | Books |
